000 00902cab a2200241 4500
001 ABS54945
008 090401t1996 xxu||||| |||| 00| 0 eng d
035 _a(Sirsi) u13284
041 _aeng
110 _aEuropean Commission
_92292
245 _aEuropean environment policy
260 _c1996
350 _a0
490 _aEuropean Commission Background Report
_v(B/8/96) April 1996, (5)
520 _aSummarises the findings of the EU progress report: "Towards sustainability", investigating the EC`s Fifth Environmental Action Programme and the aims of the action plan which identifies five priority areas in which EC action needs to be stepped up.
650 _aENVIRONMENTAL SUSTAINABILITY
650 _aEUROPE
650 _aFIFTH ENVIRONMENTAL ACTION PROGRAMME
690 _aENVIRONMENTAL AND LAND CONSULTANCY
690 _aEUROPE-SINGLE MARKET
942 _n0
948 _c04/03/1997
999 _c8556
_d8556